000
00307nam a2200121Ia 4500
008
220216s9999 xx 000 0 und d
100
_a
Thomas P.J.
245
0
_a
Need based research and its relevance
260
_b
Rubber Board Bulletin
_c
1984
300
_a
27-28
650
_a
Rubber research
942
_c
BS
999
_c
51142
_d
51142